[Event "Goch op 22nd"]
[Site "Goch"]
[Date "2011.10.01"]
[Round "4"]
[White "Weber, Rolf"]
[Black "Gross, Karl"]
[Result "1/2-1/2"]
[WhiteElo "2019"]
[BlackElo "2103"]
[PlyCount "20"]
[EventDate "2011.09.29"]
[EventType "swiss"]
[EventRounds "7"]
[EventCountry "GER"]
[SourceTitle "EXT 2014"]
[Source "ChessBase"]
[SourceDate "2013.11.20"]
[SourceVersion "1"]
[SourceVersionDate "2013.11.20"]
[SourceQuality "1"]

1. e4 c6 2. d4 d5 3. exd5 cxd5 4. Bd3 Nc6 5. c3 Nf6 6. Nf3 g6 7. Bf4 Bg7 8. 0-0 0-0 9. Re1 Re8 10. Nbd2 Nh5 1/2-1/2

[Event "Nettetal op"]
[Site "Nettetal"]
[Date "2010.07.11"]
[Round "9"]
[White "Gross, Karl"]
[Black "Schroeder, Jan Christian"]
[Result "0-1"]
[WhiteElo "2118"]
[BlackElo "1965"]
[PlyCount "46"]
[EventDate "2010.07.03"]
[EventType "swiss"]
[EventRounds "9"]
[EventCountry "GER"]
[SourceTitle "CBM 137 Extra"]
[Source "ChessBase"]
[SourceDate "2010.09.01"]
[SourceVersion "1"]
[SourceVersionDate "2010.09.01"]
[SourceQuality "1"]

1. e4 e5 2. Nf3 Nc6 3. d4 exd4 4. Nxd4 Nf6 5. Nxc6 bxc6 6. Bd3 d5 7. exd5 cxd5 8. 0-0 Be7 9. Nd2 0-0 10. Nf3 Bg4 11. h3 Bh5 12. Bf4 Rb8 13. Rb1 Bd6 14. Bg5 h6 15. Bh4 Rb4 16. c4 dxc4 17. a3 cxd3 18. axb4 g5 19. g4 Bg6 20. Bg3 Bxg3 21. fxg3 Qd6 22. Kh2 Re8 23. Re1 Ne4 0-1

[Event "Nettetal op"]
[Site "Nettetal"]
[Date "2010.07.05"]
[Round "3"]
[White "Gross, Karl"]
[Black "Heinrichs, Ralf"]
[Result "0-1"]
[WhiteElo "2118"]
[BlackElo "1801"]
[PlyCount "76"]
[EventDate "2010.07.03"]
[EventType "swiss"]
[EventRounds "9"]
[EventCountry "GER"]
[SourceTitle "CBM 137 Extra"]
[Source "ChessBase"]
[SourceDate "2010.09.01"]
[SourceVersion "1"]
[SourceVersionDate "2010.09.01"]
[SourceQuality "1"]

1. e4 Nf6 2. e5 Ne4 3. d4 e6 4. Nh3 h6 5. Bd3 d5 6. Nd2 Nxd2 7. Bxd2 c5 8. dxc5 Bxc5 9. Qg4 g6 10. 0-0 Nc6 11. Rae1 Be7 12. a3 h5 13. Qd1 Bd7 14. b4 Nd4 15. Qa1 Nf5 16. a4 a6 17. Qb2 b5 18. axb5 Bxb5 19. Bxb5+ axb5 20. Ra1 0-0 21. Ra5 Qb6 22. Rfa1 Rac8 23. Ra7 Rfe8 24. Bg5 Bf8 25. Bf6 Rc4 26. c3 Rec8 27. R7a6 Qb7 28. R6a3 d4 29. cxd4 Bxb4 30. Rd3 Bc3 31. Rxc3 Rxc3 32. Nf4 Rc2 33. Qb1 Nxd4 34. h3 Qc6 35. Nd3 Qc3 36. Qf1 Ne2+ 37. Kh2 Qxd3 38. Rd1 Rc1 0-1

[Event "Goch op 20th"]
[Site "Goch"]
[Date "2009.10.02"]
[Round "3"]
[White "Gross, Karl"]
[Black "Bente, Bjoern"]
[Result "1/2-1/2"]
[WhiteElo "2111"]
[BlackElo "2255"]
[PlyCount "64"]
[EventDate "2009.10.01"]
[EventType "swiss"]
[EventRounds "7"]
[EventCountry "GER"]
[SourceTitle "EXT 2011"]
[Source "ChessBase"]
[SourceDate "2010.11.26"]
[SourceVersion "1"]
[SourceVersionDate "2010.11.26"]
[SourceQuality "1"]

1. e4 c6 2. Nf3 d5 3. exd5 cxd5 4. Ne5 Nc6 5. d4 Qb6 6. c3 Nxe5 7. dxe5 e6 8. Bd3 Bd7 9. 0-0 Bb5 10. Be3 Qa6 11. Bxb5+ Qxb5 12. Nd2 Ne7 13. Nf3 Nc6 14. Nd4 Nxd4 15. Bxd4 Be7 16. Qg4 g6 17. Rfd1 a6 18. Rd2 Rc8 19. Rad1 Rc7 20. Qg3 Qa4 21. b3 Qc6 22. Qe3 Bc5 23. Bxc5 Qxc5 24. Qxc5 Rxc5 25. c4 Ke7 26. cxd5 exd5 27. g3 Ke6 28. b4 Rb5 29. f4 Rd8 30. Rd4 a5 31. bxa5 Rxa5 32. a4 b5 1/2-1/2

[Event "Goch op 16th"]
[Site "Goch"]
[Date "2005.10.03"]
[Round "7"]
[White "Gross, Karl"]
[Black "Riedel, Holger"]
[Result "1/2-1/2"]
[WhiteElo "2069"]
[BlackElo "2247"]
[PlyCount "77"]
[EventDate "2005.09.30"]
[EventType "swiss"]
[EventRounds "7"]
[EventCountry "GER"]
[SourceTitle "EXT 2007"]
[Source "ChessBase"]
[SourceDate "2006.11.23"]
[SourceVersion "1"]
[SourceVersionDate "2006.11.23"]
[SourceQuality "1"]

1. e4 g6 2. d4 Bg7 3. Nc3 c6 4. Nf3 d5 5. Be2 Bg4 6. exd5 cxd5 7. Ne5 Bxe2 8. Qxe2 a6 9. 0-0 Nf6 10. Be3 0-0 11. f3 Nc6 12. Rfd1 e6 13. Nxc6 bxc6 14. Na4 Nd7 15. Rab1 Qa5 16. b3 e5 17. c3 Rfe8 18. Qc2 Re6 19. b4 Qc7 20. Nc5 Nxc5 21. bxc5 Rae8 22. Qb2 exd4 23. Bxd4 Bxd4+ 24. cxd4 Re2 25. Rd2 Re1+ 26. Rxe1 Rxe1+ 27. Kf2 Rh1 28. h3 Kg7 29. Re2 Qf4 30. Qd2 Qh4+ 31. Ke3 Qg5+ 32. Kf2 Qh4+ 33. Ke3 Rf1 34. Kd3 Qg3 35. Qe3 Rd1+ 36. Kc2 Ra1 37. Kb2 Rd1 38. Kc2 Ra1 39. Kb2 1/2-1/2